The steel industry in W. Europe present recession and medium term prospects

Sparad:
Bibliografiska uppgifter
Materialtyp: Bok
Språk:Undetermined
Publicerad: Geneva Euro Economics 1975
Ämnen:
Taggar: Lägg till en tagg
Inga taggar, Lägg till första taggen!
Thư viện lưu trữ: Trung tâm Học liệu Trường Đại học Cần Thơ
LEADER 00483nam a2200169Ia 4500
001 CTU_99634
008 210402s9999 xx 000 0 und d
082 |a 338.47669 
082 |b S813 
245 4 |a The steel industry in W. Europe present recession and medium term prospects 
260 |a Geneva 
260 |b Euro Economics 
260 |c 1975 
650 |a Steel industry and trade 
650 |z Europe 
904 |i Truc 
980 |a Trung tâm Học liệu Trường Đại học Cần Thơ